| 000 | 00472 a2200157 4500 | ||
|---|---|---|---|
| 020 | _a0-442-23499-6 | ||
| 082 |
_a624.28 HAR _bL-37-P-117 |
||
| 090 |
_c3219 _d3219 |
||
| 100 |
_aHARE, CLIVE H _943395 |
||
| 245 | _aPAINTING OF STEEL BRIDGES AND OTHER STRUCTURES | ||
| 260 |
_aNEW YARK _bVAN NOSTRAND REINHOLD _c1990 |
||
| 300 |
_aXIV, 303P. HB _c24CM |
||
| 500 | _aSTEEL BRIDGES | ||
| 526 |
_a0 _b0 _c0 _d624_280000000000000_HAR_L37P11 |
||
| 942 |
_2ddc _aMCE _cBOOK _k624.28 HAR |
||
| 999 |
_c547220 _d547220 |
||